| 000 | 00700nam a22002291a 4500 | ||
|---|---|---|---|
| 003 | OSt | ||
| 005 | 20150819151933.0 | ||
| 008 | 101020s1993 ua fr 000 0 ara d | ||
| 020 | _a9775337045 | ||
| 040 |
_aEG-ScBUE _bara _cEG-ScBUE |
||
| 082 | 0 | 4 |
_a212.5 _bر ا ف _222 |
| 100 | 1 |
_aرافع، عائشة. _916734 |
|
| 245 |
_aكلنا .. هذا الإنسان / _cعائشة رافع. |
||
| 250 | _aط.1. | ||
| 260 |
_aالإسكندرية : _bدار صادق للنشر، _c1993. |
||
| 300 |
_a104 ص ؛ _c18 سم. |
||
| 590 | _aMenna Elemam | ||
| 650 |
_aالأخلاق الإسلامية _915836 _2BUEsh |
||
| 651 | _2BUEsh | ||
| 653 |
_bARALIT _cAugust2015 |
||
| 942 |
_cBB _k212.5 ر ا ف _2ddc |
||
| 999 |
_c6648 _d6648 |
||